000 00204 a2200097 4500
020 _a9789501181241
041 _aspa
100 _aEditorial Sigmar
245 _aClasicos de Animales Juveniles
942 _cBK
999 _c28026
_d28026